000 00908cam a2200277 a 4500
008
020 _a9780240521916 (pbk.)
049 _aMAIN
090 _aTR145
_bLAN
100 1 _aLangford, Michael.
245 1 0 _aLangford's advanced photography :
_bthe guide for aspiring photographers /
_cMichael Langford, Efthimia Bilissi ; contributors, Ellizabeth Allen ... [et al.].
250 _a8th ed.
260 _aAmsterdam :
_bElsevier, Focal Press,
_c2011.
300 _axvi, 479 p. :
_bill. (some col.) ;
_c25 cm.
504 _aIncludes bibliographic references.
500 _aIncludes index.
650 0 _aPhotography.
700 _aBillisi, Elfthimia.
700 1 _aLangford, Michael.
700 _aAllen, Elizabeth.
907 _a.b10351759
_b27-11-14
_c27-11-14
003
005 20230123122125.0
040 _cNUST
942 _cBOOKS
_kTR145
_mLAN
999 _c128186
_d128186